Silvicultura del pi blanc (pinus halepensis) / [redacció: Sònia Llobet i Just...[et al.]] Sònia Llobet i Just...[et al.]]
ISBN:
84-7794-956-5
Descripción Física:
127 p. : il., col., gràfics, taules ; 30 cm
Colección:
Dossiers de gestió forestal ; 4
MARC
| LEADER | 00000nam a2200000Ia 4500 | ||
|---|---|---|---|
| 001 | 16058 | ||
| 003 | BGR | ||
| 005 | 20260324175244.0 | ||
| 008 | 160829s9999 xx 000 0 cat d | ||
| 020 | |a 84-7794-956-5 | ||
| 080 | |a C-2-332 | ||
| 100 | |a Llobet i Just, Sònia |9 23380 | ||
| 245 | |a Silvicultura del pi blanc (pinus halepensis) / [redacció: |b Sònia Llobet i Just...[et al.]] | ||
| 260 | |a [Barcelona] : |b Agència Local de Desenvolupament Forestal, cop. 2003 | ||
| 300 | |a 127 p. : |b il., col., gràfics, taules ; |c 30 cm | ||
| 490 | |a Dossiers de gestió forestal ; 4 | ||
| 590 | |a Traducció al castellà de l'obra al final del llibre. | ||
| 590 | |a Annexes | ||
| 650 | |a Pi blanc |x Catalunya |9 23381 | ||
| 650 | |a Catalunya |x Política forestal |9 45020 | ||
| 710 | |9 61226 |a Agència Local de Desenvolupament Forestal | ||
| 901 | |a Arxiu | ||
| 942 | |n 1 |2 udc |c MON | ||
| 952 | |0 0 |1 0 |4 0 |6 C2332 |7 1 |9 42688 |a Arxiu |b Arxiu |d 2016-12-01 |l 0 |o C-2-332 |p 16058 |r 2016-12-01 00:00:00 |w 2016-12-01 |y ARXIU | ||
| 999 | |c 45194 |d 45194 | ||